Survivor China Castaways by Tribe - Statistics

General Stats
  • This quiz has been taken 19 times
  • The average score is 25 of 29
Answer Stats
Hint Answer % Correct
Aaron's #1 Tribe Fei Long
100%
Leslie's Tribe Fei Long
94%
Sherea's #2 Tribe Fei Long
94%
Chicken's Tribe Zhan Hu
94%
Ashley's Tribe Zhan Hu
94%
Dave's Tribe Zhan Hu
94%
Aaron's #2 Tribe Zhan Hu
94%
Sherea's #1 Tribe Zhan Hu
94%
Jamie's #1 Tribe Zhan Hu
94%
Jean-Robert's #1 Tribe Fei Long
88%
Frosti's #2 Tribe Fei Long
88%
James's #1 Tribe Fei Long
88%
Denise's #1 Tribe Fei Long
88%
Amanda's #1 Tribe Fei Long
88%
Courtney's #1 Tribe Fei Long
88%
Todd's #1 Tribe Fei Long
88%
Frosti's #1 Tribe Zhan Hu
88%
James's #2 Tribe Zhan Hu
88%
Erik's #1 Tribe Zhan Hu
88%
Peih-Gee's #1 Tribe Zhan Hu
88%
Denise's #2 Tribe Fei Long
76%
Erik's #2 Tribe Zhan Hu
76%
Peih-Gee's #2 Tribe Zhan Hu
76%
Jean-Robert's #2 Tribe Fei Long
71%
Amanda's #2 Tribe Fei Long
71%
Courtney's #2 Tribe Fei Long
71%
Todd's #2 Tribe Fei Long
71%
Jamie's #2 Tribe Zhan Hu
71%
Merge Tribe Hae Da Fung
65%
No matching quizzes found
Score Distribution
Percent of People with Each Score
Percentile by Number Answered
Your Score History
You have not taken this quiz